[Event "AUTO-OPEN-151"]
[Site "http://www.queenalice.com/game.php?id=30793"]
[Date "2005.9.28"]
[Round "1"]
[White "Gusol"]
[Black "Gebot"]
[Result "1-0"]
[WhiteElo "1800"]
[BlackElo "1787"]

1. e4 e5 2. Nf3 Nc6 3. d4 exd4 4. Nxd4 Bc5 5. Nxc6 Qf6 6. Qd2 dxc6 7. Nc3 Be6 8.
Na4 Rd8 9. Bd3 Bb6 10. Nxb6 cxb6 11. O-O Ne7 12. f4 O-O 13. Qf2 h6 14. e5 Qg6
15. Bxg6 fxg6 16. Be3 Nd5 17. b3 g5 18. c4 gxf4 19. cxd5 fxe3 20. Qxe3 Rxf1+ 21.
Rxf1 Rxd5 22. Qg3 Kh7 23. h4 Rd2 24. h5 Bd5 25. Rf8 Rxg2+ 26. Qxg2 1-0

[Event "AUTO-OPEN-151"]
[Site "http://www.queenalice.com/game.php?id=30794"]
[Date "2005.9.28"]
[Round "1"]
[White "Gebot"]
[Black "Gusol"]
[Result "0-1"]
[WhiteElo "1788"]
[BlackElo "1948"]

1. e4 c5 2. Bc4 Nc6 3. d3 g6 4. Be3 b6 5. Qf3 e6 6. Nh3 Ne5 7. Qg3 Nxc4 8. dxc4
Bg7 9. c3 Bb7 10. O-O Bxe4 11. Nd2 Bb7 12. Bf4 Ne7 13. Bc7 Nf5 14. Bxd8 Nxg3 15.
fxg3 Rxd8 16. Ng5 O-O 17. Rf2 d5 18. Raf1 Rd7 19. a3 h6 20. Nh3 dxc4 21. Nxc4
Ba6 22. Rf4 g5 23. Re4 f5 24. Ne5 Bxe5 25. Rxe5 Bxf1 26. Kxf1 Kf7 27. Nf2 Rfd8
28. b4 Kf6 29. Re3 cxb4 30. axb4 Rc7 31. Ke2 g4 32. h3 h5 33. hxg4 hxg4 34. Nd1
Rcd7 35. Nf2 Rd2+ 36. Ke1 Rc2 37. Kf1 Rdd2 38. Rd3 Rxf2+ 39. Ke1 Rxg2 40. Kd1
Ra2 0-1

[Event "AUTO-OPEN-155"]
[Site "http://www.queenalice.com/game.php?id=31791"]
[Date "2005.10.5"]
[Round "1"]
[White "Gusol"]
[Black "Marcelo"]
[Result "1-0"]
[WhiteElo "1970"]
[BlackElo "1656"]

1. e4 e5 2. f4 exf4 3. Nf3 Bc5 4. d4 Bb6 5. Bxf4 d6 6. Bc4 Nf6 7. Bg5 h6 8. Bxf6
Qxf6 9. O-O O-O 10. c3 Nc6 11. Ne5 Qe7 12. Ng6 Qe8 13. Nxf8 Qxe4 14. Bxf7+ Kh8
15. Nd2 Qe3+ 16. Kh1 Bf5 17. Ng6+ Bxg6 18. Bxg6 Ne7 19. Bc2 Nd5 20. Qh5 Ne7 21.
Nf3 Rf8 22. Ne5 Rxf1+ 23. Rxf1 dxe5 24. Qe8+ Ng8 25. Bb3 Kh7 26. Bxg8+ Kh8 27.
Bf7+ Kh7 28. Bg6# 1-0

[Event "AUTO-OPEN-155"]
[Site "http://www.queenalice.com/game.php?id=31792"]
[Date "2005.10.5"]
[Round "1"]
[White "Marcelo"]
[Black "Gusol"]
[Result "1/2-1/2"]
[WhiteElo "1656"]
[BlackElo "1978"]

1. d4 Nf6 2. Nc3 d5 3. Bf4 c6 4. e3 Bg4 5. Be2 Bxe2 6. Ngxe2 Nbd7 7. O-O Nh5 8.
h3 Nxf4 9. Nxf4 e6 10. a3 Bd6 11. Nce2 Qg5 12. Qd3 O-O 13. b4 e5 14. dxe5 Nxe5
15. Qd1 Ng6 16. Nxg6 fxg6 17. f4 Qe7 18. Qd4 Rfe8 19. Rf3 Qe4 20. Qxe4 Rxe4 21.
Nd4 Rae8 22. Kf2 Bc7 23. c3 Bb6 24. a4 Bxd4 25. cxd4 a6 26. a5 h5 27. h4 Kf7 28.
Rg3 Kf6 29. Re1 R8e7 1/2-1/2

[Event "AUTO-OPEN-155"]
[Site "http://www.queenalice.com/game.php?id=31795"]
[Date "2005.10.5"]
[Round "1"]
[White "Gusol"]
[Black "aknightout"]
[Result "1-0"]
[WhiteElo "1865"]
[BlackElo "1882"]

1. e4 d6 2. d4 Nf6 3. Nc3 g6 4. Nf3 Bg7 5. Be2 O-O 6. h3 c6 7. O-O e5 8. Bg5 h6
9. Be3 Na6 10. Qd2 Kh7 11. dxe5 dxe5 12. Bd3 b6 13. Nxe5 Nxe4 14. Nxe4 Bxe5 15.
Bxh6 Re8 16. Bg5 f6 17. Bf4 Bxb2 18. Rae1 Nc7 19. Bxc7 1-0

[Event "AUTO-OPEN-155"]
[Site "http://www.queenalice.com/game.php?id=31796"]
[Date "2005.10.5"]
[Round "1"]
[White "aknightout"]
[Black "Gusol"]
[Result "1-0"]
[WhiteElo "1893"]
[BlackElo "1964"]

1. Nf3 Nf6 2. g3 g6 3. Bg2 Bg7 4. c4 O-O 5. Nc3 d6 6. d4 c6 7. e4 a6 8. O-O b5
9. cxb5 axb5 10. Qc2 Ra7 11. h3 Nbd7 12. e5 Ne8 13. Be3 Nb6 14. b4 d5 15. a4 Bf5
16. Qd1 bxa4 17. Nxa4 Nxa4 18. Rxa4 Rb7 19. Qa1 Nc7 20. Rc1 Bd7 21. Ne1 Qb8 22.
Nd3 Ne6 23. Rc2 1-0

[Event "AUTO-ELITE-12"]
[Site "http://www.queenalice.com/game.php?id=35840"]
[Date "2005.11.1"]
[Round "1"]
[White "razoman"]
[Black "Gusol"]
[Result "1/2-1/2"]
[WhiteElo "1931"]
[BlackElo "1949"]

1. e4 c5 2. Nf3 Nc6 3. c3 d5 4. exd5 Qxd5 5. d3 Nf6 6. Be2 e6 7. O-O Be7 8. Re1
O-O 9. c4 Qd7 10. Nc3 b6 11. Bf1 Bb7 12. Ne5 Nxe5 13. Rxe5 Rad8 14. Bg5 Qc6 15.
Bxf6 Bxf6 16. Rh5 g6 17. Rh3 Qc7 18. Qd2 Bg7 19. Re1 Rd7 20. Ne4 Rfd8 21. Ng5 h5
22. Ne4 Rd4 23. Qc2 Bxe4 24. Rxe4 Rxe4 25. dxe4 Rd4 26. b3 Qd7 1/2-1/2

[Event "AUTO-ELITE-12"]
[Site "http://www.queenalice.com/game.php?id=35841"]
[Date "2005.11.1"]
[Round "1"]
[White "Gusol"]
[Black "razoman"]
[Result "1-0"]
[WhiteElo "1924"]
[BlackElo "1932"]

1. e4 c5 2. Nf3 a6 3. c3 Nc6 4. d4 cxd4 5. cxd4 d6 6. Nc3 e6 7. Be3 Nf6 8. Bc4
Be7 9. O-O Bd7 10. e5 dxe5 11. dxe5 Ng4 12. Bf4 Qc7 13. Qe2 O-O 14. h3 Nh6 15.
Bxh6 gxh6 16. Bd3 Kg7 17. Qe4 Rh8 18. Rad1 Rag8 19. Qf4 Nb4 20. Be4 Bc6 21. Bxc6
Nxc6 22. Ne4 Kf8 23. Qxh6+ Rg7 24. Nf6 Bc5 25. Rd7 Qxd7 26. Nxd7+ 1-0

[Event "AUTO-ELITE-12"]
[Site "http://www.queenalice.com/game.php?id=35854"]
[Date "2005.11.1"]
[Round "1"]
[White "kligw"]
[Black "Gusol"]
[Result "0-1"]
[WhiteElo "1925"]
[BlackElo "1987"]

1. e4 c5 2. Nf3 Nc6 3. d4 cxd4 4. Nxd4 Nf6 5. Nc3 e5 6. Ndb5 d6 7. Bg5 a6 8. Na3
b5 9. Bxf6 gxf6 10. Nd5 f5 11. Bd3 Be6 12. c3 Bxd5 13. exd5 Ne7 14. O-O Bg7 15.
Nc2 O-O 16. Ne3 e4 17. Bc2 f4 18. Bxe4 fxe3 19. fxe3 Ng6 20. Qf3 Qe7 21. Rae1
Rae8 22. Bd3 Qh4 23. g3 Qh3 24. Bf5 Qh6 25. e4 Be5 26. h4 Kh8 27. h5 Ne7 28. g4
Rg8 29. Kh1 Nxf5 30. Qxf5 Qd2 31. Rb1 Qh2# 0-1

[Event "AUTO-ELITE-12"]
[Site "http://www.queenalice.com/game.php?id=35855"]
[Date "2005.11.1"]
[Round "1"]
[White "Gusol"]
[Black "kligw"]
[Result "1-0"]
[WhiteElo "1969"]
[BlackElo "1925"]

1. e4 e5 2. Nf3 Nf6 3. Nxe5 d6 4. Nf3 Nxe4 5. d4 d5 6. Bd3 Bd6 7. O-O Bg4 8. c4
O-O 9. cxd5 f5 10. Nc3 Nf6 11. h3 Bxf3 12. Qxf3 g6 13. Bg5 Nbd7 14. Rfe1 Re8 15.
Re6 Re7 16. Rxf6 Nxf6 17. Bxf6 Qf8 18. Bxe7 Bxe7 19. Re1 Bd6 20. Re6 Qh6 21. Qe3
f4 22. Re8+ Kg7 23. Qe6 Rxe8 24. Qxe8 f3 25. Qe3 Qh4 26. Qxf3 Qxd4 27. Qe4 Qf6
28. g3 a6 29. Kg2 Qg5 30. Qd4+ Kg8 31. Ne4 1-0

[Event "AUTO-ELITE-12"]
[Site "http://www.queenalice.com/game.php?id=35862"]
[Date "2005.11.1"]
[Round "1"]
[White "kjbesquire"]
[Black "Gusol"]
[Result "1-0"]
[WhiteElo "2016"]
[BlackElo "2003"]

1. e4 c5 2. Nf3 Nc6 3. d4 cxd4 4. Nxd4 Nf6 5. Nc3 e5 6. Ndb5 d6 7. Bg5 a6 8. Na3
b5 9. Bxf6 gxf6 10. Nd5 f5 11. Bd3 Be6 12. O-O Bxd5 13. exd5 Ne7 14. Re1 Bg7 15.
c3 e4 16. Bf1 O-O 17. Qh5 b4 18. cxb4 Bxb2 19. Rab1 Bxa3 20. Rb3 f6 21. Rxa3 Rf7
22. Bxa6 Rg7 23. b5 Rg5 24. Qh3 Ng6 25. Rg3 f4 26. Rxg5 fxg5 27. Rxe4 Ne5 28.
Qe6+ Kf8 29. Qh6+ Kg8 30. h4 Qe7 31. hxg5 1-0

[Event "AUTO-ELITE-12"]
[Site "http://www.queenalice.com/game.php?id=35863"]
[Date "2005.11.1"]
[Round "1"]
[White "Gusol"]
[Black "kjbesquire"]
[Result "0-1"]
[WhiteElo "1924"]
[BlackElo "2052"]

1. e4 c5 2. Nf3 d6 3. d4 cxd4 4. Nxd4 Nf6 5. Nc3 a6 6. Be2 e5 7. Nb3 Be7 8. O-O
O-O 9. a4 Nc6 10. Be3 Be6 11. Nd2 d5 12. exd5 Nxd5 13. Nxd5 Qxd5 14. Nc4 Qxd1
15. Raxd1 Rac8 16. Bb6 Bxc4 17. Bxc4 Bd8 18. Bc5 Be7 19. Bxe7 Nxe7 20. Bd3 f6
21. c3 Rcd8 22. Be2 Kf7 23. Bc4+ Kg6 24. Be2 Kf7 25. Rxd8 Rxd8 26. Rd1 Rxd1+ 27.
Bxd1 Ke6 28. Kf1 Kd5 29. Bb3+ Kd6 30. Ke2 f5 31. h4 Nd5 32. g3 a5 33. Bxd5 Kxd5
0-1

[Event "AUTO-ELITE-15"]
[Site "http://www.queenalice.com/game.php?id=39339"]
[Date "2005.11.23"]
[Round "1"]
[White "ENDHER"]
[Black "Gusol"]
[Result "1-0"]
[WhiteElo "2109"]
[BlackElo "1975"]

1. d4 Nf6 2. c4 e6 3. Nc3 b6 4. Bg5 Bb4 5. Nf3 Bb7 6. e3 a5 7. Bd3 h6 8. Bf4
Bxc3+ 9. bxc3 d6 10. O-O Nbd7 11. Re1 Qe7 12. c5 bxc5 13. dxc5 Nxc5 14. Rb1 Nxd3
15. Qxd3 Bxf3 16. gxf3 O-O 17. Bg3 Rfb8 18. Bh4 g5 19. Bg3 Nh5 20. c4 Nxg3 21.
fxg3 Qf6 22. Kg2 Rb2+ 23. Rxb2 Qxb2+ 24. Re2 Qf6 25. Qb1 Qd8 26. Rb2 Kg7 27. Rb7
Ra6 28. Qb2+ f6 29. Qb5 Ra8 30. Qc6 1-0

[Event "AUTO-ELITE-15"]
[Site "http://www.queenalice.com/game.php?id=39340"]
[Date "2005.11.23"]
[Round "1"]
[White "Gusol"]
[Black "ENDHER"]
[Result "0-1"]
[WhiteElo "1986"]
[BlackElo "2113"]

1. d4 d5 2. Bg5 Nc6 3. e3 h6 4. Bh4 g5 5. Bg3 Bf5 6. Bd3 Nf6 7. Bxf5 e6 8. Bd3
Bg7 9. Nd2 O-O 10. h4 Nh7 11. Bxh7+ Kxh7 12. hxg5 Qxg5 13. Rh5 Qe7 14. Nh3 e5
15. Qf3 exd4 16. Qf5+ Kg8 17. Ng5 Rfd8 18. Rxh6 f6 19. Rg6 fxg5 20. O-O-O dxe3
21. fxe3 Qf7 22. Qxg5 Ne7 23. Rh6 Qf5 24. Qxe7 Bxh6 25. Rf1 Qd7 26. Qh4 Bg7 27.
Rh1 Qf5 28. Rf1 Qg6 0-1

[Event "AUTO-ELITE-15"]
[Site "http://www.queenalice.com/game.php?id=39349"]
[Date "2005.11.23"]
[Round "1"]
[White "Gusol"]
[Black "Be0wulf"]
[Result "0-1"]
[WhiteElo "1913"]
[BlackElo "1840"]

1. e4 e5 2. f4 d6 3. Nf3 Nf6 4. Nc3 Nbd7 5. Bc4 c6 6. fxe5 Nxe5 7. Bb3 Bg4 8.
O-O Be7 9. d3 O-O 10. Kh1 Nh5 11. Ne2 Nxf3 12. gxf3 Be6 13. Rg1 Kh8 14. Be3 c5
15. Qd2 b5 0-1

[Event "AUTO-ELITE-15"]
[Site "http://www.queenalice.com/game.php?id=39350"]
[Date "2005.11.23"]
[Round "1"]
[White "Be0wulf"]
[Black "Gusol"]
[Result "1-0"]
[WhiteElo "1814"]
[BlackElo "1945"]

1. Nf3 d5 2. g3 c5 3. Bg2 Nc6 4. O-O g6 5. d4 cxd4 6. Nxd4 Bg7 7. c3 e5 8. Nb3
Nge7 9. Bg5 f6 10. Be3 b6 11. Na3 O-O 12. Qd2 Be6 13. Rad1 1-0